| 000 | 00858nam a2200241Ia 4500 | ||
|---|---|---|---|
| 003 | GCL | ||
| 005 | 20240530101947.0 | ||
| 008 | 140319s9999 xx 000 0 ara d | ||
| 040 |
_aGCL / _cGCL |
||
| 082 | 0 | 4 |
_a346.07 _bا ح |
| 100 | 1 | _aادوارد عيد | |
| 245 | 1 | 0 |
_aالحماية القانونية للشيك فى التشريعات الضريبية / _cادوارد عيد |
| 260 |
_a[S.N] : _bالمنظمة الاسلامية للتربية والعلوم والثقافة ، _c1975 |
||
| 300 | _a80 ص | ||
| 650 | 0 | 4 | _aالقانون |
| 650 | 0 | 4 | _aالشيكات |
| 650 | 0 | 4 | _aالفواتير |
| 650 | 0 | 4 | _aقانون الاجراءات الجنائية |
| 650 | 0 | 4 | _aالاوراق المالية |
| 650 | 0 | 4 | _aالقانون التجارى |
| 700 | 1 | _aمعهد البحوث والدراسات العربية | |
| 942 |
_2ddc _cBK |
||
| 999 |
_c29011 _d29011 |
||